[Event "Klub Kölner SF 1 - SV Dinslaken 1"]
[Site "Oberliga NRW 2018/2019"]
[Date "2019.04.14"]
[Round "8.6"]
[White "Ludwig, Peter"]
[Black "Borchert, Rene"]
[Result "1/2-1/2"]
[WhiteElo "2166"]
[BlackElo "2139"]
[PlyCount "119"]
[EventDate "2019.??.??"]
[WhiteTeam "Klub Kölner SF 1"]
[BlackTeam "SV Dinslaken 1"]

1. g3 d5 2. Bg2 Nf6 3. Nf3 c5 4. d4 Nc6 5. O-O Bg4 6. Ne5 Bh5 7. c4 cxd4 8.
Nxc6 bxc6 9. cxd5 cxd5 10. Qa4+ Qd7 11. Qxd4 e6 12. Nc3 Rc8 13. Bg5 Rc4 14. Qd2
Bb4 15. Bxf6 gxf6 16. Qh6 Bxc3 17. bxc3 Bg6 18. Qg7 Rf8 19. Qxf6 Qe7 20. Qe5
Qc7 21. Qg5 f6 22. Qe3 Kf7 23. Rac1 Rc8 24. Bh3 Qb6 25. Qd2 Qc5 26. Qb2 Rxc3
27. Rxc3 Qxc3 28. Qb7+ Rc7 29. Qa6 Qc6 30. Qa3 Qc5 31. Qa6 Qb6 32. Qa4 a5 33.
a3 d4 34. Qd1 Rc3 35. Qa4 Rc7 36. Qd1 Ke7 37. Qa1 Rc3 38. e3 Rd3 39. Rb1 Qd6
40. Rb7+ Kf8 41. Bf1 Rxa3 42. Qc1 Rc3 43. Qd2 Be4 44. Ra7 Rc2 45. Qxa5 d3 46.
Qh5 Rc7 47. Ra1 d2 48. Qh4 Rc1 49. Qxf6+ Kg8 50. Qg5+ Bg6 51. Ra8+ Kf7 52. Ra7+
Rc7 53. Rxc7+ Qxc7 54. Be2 Qc1+ 55. Kg2 d1=Q 56. Qf4+ Ke7 57. Bxd1 Qxd1 58. f3
Bd3 59. Qc7+ Kf6 60. Qd8+ 1/2-1/2

[Event "Klub Kölner SF 1 - SV Dinslaken 1"]
[Site "Oberliga NRW 2018/2019"]
[Date "2019.04.14"]
[Round "8.7"]
[White "Sonnenschein, Philipp"]
[Black "Wisskirchen, Andreas"]
[Result "1/2-1/2"]
[WhiteElo "2122"]
[BlackElo "2202"]
[PlyCount "46"]
[EventDate "2019.??.??"]
[WhiteTeam "SV Dinslaken 1"]
[BlackTeam "Klub Kölner SF 1"]

1. e4 c5 2. Nf3 d6 3. d4 cxd4 4. Nxd4 Nf6 5. Nc3 g6 6. Be3 Bg7 7. f3 Nc6 8. Bc4
O-O 9. Qd2 Bd7 10. O-O-O Ne5 11. Bb3 Qa5 12. Kb1 Rfc8 13. h4 Nc4 14. Bxc4 Rxc4
15. Nb3 Qc7 16. Bd4 Bc6 17. Rhe1 b5 18. e5 dxe5 19. Bxe5 Qb6 20. Bd4 Qc7 21.
Be5 Qb6 22. Bd4 Qc7 23. Be5 Qb6 1/2-1/2

[Event "Klub Kölner SF 1 - SV Dinslaken 1"]
[Site "Oberliga NRW 2018/2019"]
[Date "2019.04.14"]
[Round "8.8"]
[White "Schmidt, Martin"]
[Black "Bergmans, Dirk"]
[Result "1-0"]
[WhiteElo "2205"]
[BlackElo "2044"]
[PlyCount "71"]
[EventDate "2019.??.??"]
[WhiteTeam "Klub Kölner SF 1"]
[BlackTeam "SV Dinslaken 1"]

1. d4 Nf6 2. Nc3 d5 3. Bf4 c5 4. e3 a6 5. Nf3 Bg4 6. h3 Bxf3 7. Qxf3 Nc6 8.
dxc5 e6 9. O-O-O Bxc5 10. e4 d4 11. e5 Qa5 12. exf6 dxc3 13. fxg7 Rg8 14. Bc4
Qb4 15. Qxc3 Qxc3 16. bxc3 Rxg7 17. Bg3 Ne7 18. Bd3 Ba3+ 19. Kd2 Nd5 20. Rb1 b5
21. Rb3 Be7 22. c4 bxc4 23. Bxc4 Nf6 24. Bd3 Nh5 25. Bb8 Rxg2 26. Be4 Rxf2+ 27.
Ke1 Bh4 28. Bxa8 Rxc2+ 29. Kd1 Rxa2 30. Be5 f6 31. Bc6+ Kf7 32. Rb7+ Kg6 33.
Be4+ f5 34. Rg1+ Kh6 35. Bxf5 Ra5 36. Rxh7# 1-0

[Event "SV Dinslaken 1 - SG Bochum 1"]
[Site "Oberliga NRW 2018/2019"]
[Date "2019.05.12"]
[Round "9.1"]
[White "Kotainy, Jens"]
[Black "Tereick, Benjamin"]
[Result "1-0"]
[WhiteElo "2428"]
[BlackElo "2357"]
[PlyCount "109"]
[EventDate "2019.??.??"]
[WhiteTeam "SG Bochum 1"]
[BlackTeam "SV Dinslaken 1"]

1. e4 e6 2. d4 d5 3. Nc3 Nf6 4. e5 Nfd7 5. f4 c5 6. Nf3 Nc6 7. Be3 cxd4 8. Nxd4
Bc5 9. Qd2 O-O 10. O-O-O a6 11. Qf2 Qe7 12. Kb1 Nxd4 13. Bxd4 b5 14. h4 Bxd4
15. Qxd4 Qc5 16. h5 Bb7 17. a3 Qxd4 18. Rxd4 f6 19. exf6 gxf6 20. a4 bxa4 21.
Rxa4 a5 22. Nb5 Nc5 23. Ra3 e5 24. Nd6 a4 25. Nxb7 Nxb7 26. Bb5 Nc5 27. Re1 e4
28. Bc6 Rad8 29. Rc3 Ne6 30. g3 Nd4 31. Bxa4 Nf3 32. Re2 Kh8 33. g4 Rg8 34. Rg2
Nh4 35. Rgg3 d4 36. Rc6 Rde8 37. Bb5 Nf5 38. Rg1 Ne3 39. Rxf6 Rxg4 40. Rxg4
Nxg4 41. Rd6 e3 42. Be2 Nf2 43. Rxd4 Nh3 44. Kc1 Ra8 45. b3 Ng1 46. Bg4 e2 47.
Kd2 Re8 48. Ke1 Ra8 49. Kf2 Re8 50. Ke1 Ra8 51. Ra4 Rd8 52. Kf2 Rd2 53. h6 Kg8
54. Bh5 Kf8 55. Re4 1-0

[Event "SV Dinslaken 1 - SG Bochum 1"]
[Site "Oberliga NRW 2018/2019"]
[Date "2019.05.12"]
[Round "9.2"]
[White "Sielecki, Christof"]
[Black "Hendriks, Willy"]
[Result "0-1"]
[WhiteElo "2378"]
[BlackElo "2376"]
[PlyCount "100"]
[EventDate "2019.??.??"]
[WhiteTeam "SV Dinslaken 1"]
[BlackTeam "SG Bochum 1"]

1. d4 d6 2. Nf3 Bg4 3. g3 Bxf3 4. exf3 c6 5. c4 g6 6. d5 Bg7 7. Bg2 Nf6 8. Nc3
O-O 9. O-O Nbd7 10. f4 Nb6 11. Qd3 Rc8 12. f5 cxd5 13. cxd5 Nc4 14. fxg6 hxg6
15. Re1 Qb6 16. Bh3 Nxb2 17. Bxb2 Qxb2 18. Bxc8 Rxc8 19. Ne4 Ng4 20. Qb1 Qxa1
21. Qxa1 Bxa1 22. Rxa1 Rc2 23. h3 Ne5 24. a4 Rc4 25. Ng5 Rc5 26. Rb1 b6 27. Rd1
Nd7 28. Rd4 Nf6 29. Ne4 Nxe4 30. Rxe4 Rxd5 31. Rxe7 Ra5 32. Re4 d5 33. Rb4 Rc5
34. Rb2 Kg7 35. Kg2 Kf6 36. h4 Kf5 37. Kf3 Rc3+ 38. Ke2 Ke4 39. a5 bxa5 40. Rb7
Rc2+ 41. Kf1 d4 42. Rxf7 Kd3 43. Rf3+ Kd2 44. Ra3 Rc1+ 45. Kg2 Rc5 46. Ra2+ Kc3
47. Kf1 Kb3 48. Ra1 a4 49. Rb1+ Kc2 50. Ra1 d3 0-1

[Event "SV Dinslaken 1 - SG Bochum 1"]
[Site "Oberliga NRW 2018/2019"]
[Date "2019.05.12"]
[Round "9.3"]
[White "Schlawin, Marlon"]
[Black "Strijbos, Maarten"]
[Result "1/2-1/2"]
[WhiteElo "2286"]
[BlackElo "2355"]
[PlyCount "153"]
[EventDate "2019.??.??"]
[WhiteTeam "SG Bochum 1"]
[BlackTeam "SV Dinslaken 1"]

1. e4 c5 2. Nf3 Nc6 3. Bb5 g6 4. Bxc6 dxc6 5. d3 Bg7 6. Nc3 Nf6 7. Be3 b6 8. h3
Nd7 9. Qd2 h6 10. a3 e5 11. b4 f5 12. Qe2 f4 13. Bd2 b5 14. Na2 O-O 15. Nc1
cxb4 16. axb4 Nb6 17. Nb3 Na4 18. O-O g5 19. Nh2 Be6 20. Rfc1 Rf7 21. Ra3 Qe7
22. Rca1 Raf8 23. Qf3 Rd8 24. Na5 Qc7 25. Nb3 Bf8 26. Qh5 Kh7 27. Ng4 Bg7 28.
Nc5 Re7 29. Nxe6 Rxe6 30. Nh2 Kg8 31. Nf3 Qf7 32. Qxf7+ Kxf7 33. Kf1 Bf8 34. c4
Kf6 35. Ke2 a6 36. Rxa4 bxa4 37. Rxa4 c5 38. bxc5 Bxc5 39. Bc3 Bd4 40. Nxd4
exd4 41. Ba1 Rc6 42. Kf3 Kg6 43. h4 Rd7 44. hxg5 hxg5 45. Kg4 Rh7 46. Bxd4 Rd7
47. c5 Rb7 48. Be5 Rxc5 49. Rxa6+ Kf7 50. Rf6+ Ke8 51. Kf5 Rf7 52. g3 f3 53.
Rxf7 Kxf7 54. g4 Rc2 55. Bg3 Rd2 56. Kxg5 Rxd3 57. Kf5 Ra3 58. Bh4 Ra2 59. Bg3
Ra3 60. Bf4 Ra6 61. g5 Ra5+ 62. Be5 Ra2 63. Bd4 Ra5+ 64. Be5 Ra2 65. g6+ Kg8
66. Bd4 Rd2 67. Be3 Re2 68. Kf4 Kg7 69. Kxf3 Ra2 70. Kf4 Kxg6 71. Ke5 Ra5+ 72.
Ke6 Ra4 73. Kd5 Ra3 74. Bc5 Rf3 75. Ke6 Rf6+ 76. Ke5 Rf3 77. Ke6 1/2-1/2

[Event "SV Dinslaken 1 - SG Bochum 1"]
[Site "Oberliga NRW 2018/2019"]
[Date "2019.05.12"]
[Round "9.4"]
[White "Welzel, Philipp"]
[Black "Koellner, Ruben Gideon"]
[Result "0-1"]
[WhiteElo "2220"]
[BlackElo "2254"]
[PlyCount "78"]
[EventDate "2019.??.??"]
[WhiteTeam "SV Dinslaken 1"]
[BlackTeam "SG Bochum 1"]

1. d4 d6 2. Nf3 Nf6 3. c4 g6 4. g3 Bg7 5. Bg2 c5 6. O-O O-O 7. dxc5 dxc5 8.
Qxd8 Rxd8 9. Ne5 Na6 10. Nc3 Ne8 11. Nd3 Nd6 12. Nd5 e6 13. Bg5 exd5 14. Bxd8
dxc4 15. Be7 cxd3 16. Bxd6 dxe2 17. Rfe1 Bg4 18. h3 Bxb2 19. Rab1 Bc3 20. hxg4
Bxe1 21. Rxe1 Rd8 22. Be5 Rd1 23. Bc3 Nb4 24. Bf3 Rxe1+ 25. Bxe1 Nd3 26. Bc3
e1=Q+ 27. Bxe1 Nxe1 28. Bxb7 Nd3 29. Bd5 g5 30. Kf1 Ne5 31. f3 Kf8 32. Ke2 Ke7
33. Ke3 Kd6 34. Ke4 Nxf3 35. Bxf7 Ne5 36. Bb3 Nxg4 37. Kf5 Ne3+ 38. Kxg5 c4 39.
Ba4 c3 0-1

[Event "SV Dinslaken 1 - SG Bochum 1"]
[Site "Oberliga NRW 2018/2019"]
[Date "2019.05.12"]
[Round "9.5"]
[White "Hengelbrock, Joachim"]
[Black "Ossig, Rainer"]
[Result "1-0"]
[WhiteElo "2249"]
[BlackElo "2159"]
[PlyCount "99"]
[EventDate "2019.??.??"]
[WhiteTeam "SG Bochum 1"]
[BlackTeam "SV Dinslaken 1"]

1. Nf3 e6 2. c4 Nf6 3. g3 b6 4. Bg2 Bb7 5. O-O Be7 6. d4 O-O 7. d5 Na6 8. Nd4
Qc8 9. e4 c5 10. Nc2 exd5 11. cxd5 d6 12. Nc3 Rd8 13. Ne3 Nc7 14. a4 a6 15. Nc4
Nd7 16. Bh3 Qb8 17. Bxd7 Rxd7 18. Nxb6 Rd8 19. Nxa8 Qxa8 20. a5 Bf6 21. Na4 Qc8
22. Kg2 Nb5 23. Nb6 Qc7 24. Nc4 Bc8 25. h4 Re8 26. f3 Qd7 27. Rh1 Bd8 28. Bg5
Bc7 29. Qd3 f6 30. Bd2 Qf7 31. Rae1 Qg6 32. h5 Qf7 33. g4 Bd7 34. b4 Qe7 35.
bxc5 dxc5 36. Be3 Rd8 37. Rd1 Nd6 38. Bxc5 Bb5 39. Rc1 Bxc4 40. Rxc4 Qe5 41.
Bd4 Qe7 42. Rxc7 Qxc7 43. Bb6 Qc8 44. Bxd8 Qxd8 45. Qxa6 h6 46. Rc1 Kh7 47. Qb6
Qe7 48. Rc6 Nf7 49. Rc7 Qf8 50. Qe6 1-0

[Event "SV Dinslaken 1 - SG Bochum 1"]
[Site "Oberliga NRW 2018/2019"]
[Date "2019.05.12"]
[Round "9.6"]
[White "Borchert, Rene"]
[Black "Werthebach, Felix"]
[Result "0-1"]
[WhiteElo "2139"]
[BlackElo "2139"]
[Annotator "Daniel"]
[PlyCount "78"]
[EventDate "2019.??.??"]
[WhiteTeam "SV Dinslaken 1"]
[BlackTeam "SG Bochum 1"]

1. e4 c5 2. c3 Nf6 3. e5 Nd5 4. d4 cxd4 5. Nf3 e6 6. cxd4 d6 7. Bc4 Nc6 8. O-O
Be7 9. a3 O-O 10. Qc2 Qb6 11. Rd1 Bd7 12. Bxd5 exd5 13. Nc3 Be6 14. Bg5 h6 15.
Bxe7 Nxe7 16. exd6 Qxd6 17. Ne5 Rfc8 18. Qd2 Nc6 19. Re1 Nxe5 20. Rxe5 f6 21.
Re3 Bf7 22. Rae1 Re8 23. Qd3 Rxe3 24. Rxe3 Re8 25. Rxe8+ Bxe8 26. Qf5 Bc6 $11
27. h3 Kf7 28. Qh5+ Kf8 29. g3 Qe6 30. Kg2 Qe1 31. Qe2 Qc1 32. Nd1 a6 33. Ne3
Bb5 34. Qg4 Kf7 35. Qh5+ Kf8 36. Qf5 Be8 37. Qc2 Qxc2 38. Nxc2 Ke7 39. Kf3 Kd6
{ZÜ} 0-1

[Event "SV Dinslaken 1 - SG Bochum 1"]
[Site "Oberliga NRW 2018/2019"]
[Date "2019.05.12"]
[Round "9.7"]
[White "Biermann, Lenhard"]
[Black "Sonnenschein, Philipp"]
[Result "1/2-1/2"]
[WhiteElo "2080"]
[BlackElo "2093"]
[PlyCount "83"]
[EventDate "2019.??.??"]
[WhiteTeam "SG Bochum 1"]
[BlackTeam "SV Dinslaken 1"]

1. d4 Nf6 2. c4 g6 3. Nc3 d5 4. cxd5 Nxd5 5. Bd2 Nb6 6. Nf3 Bg7 7. Bf4 O-O 8.
Rc1 Nc6 9. e3 Bg4 10. Be2 Re8 11. h3 Bxf3 12. Bxf3 e5 13. Bxc6 bxc6 14. Bxe5
Bxe5 15. dxe5 Qg5 16. O-O Qxe5 17. Qf3 c5 18. b3 Rad8 19. Nb5 a6 20. Na7 Qd5
21. Qxd5 Rxd5 22. Nc6 Nd7 23. Rc2 Re6 24. Na5 Kf8 25. Rfc1 Red6 26. Nb7 Rd1+
27. Rxd1 Rxd1+ 28. Kh2 Rd5 29. Kg3 Ke7 30. e4 Rg5+ 31. Kh2 Re5 32. Rc4 f5 33.
f3 fxe4 34. fxe4 h5 35. g3 Kf6 36. Kg2 Kg5 37. Kf3 h4 38. Kg2 Kh5 39. Kf3 g5
40. g4+ Kg6 41. Rc1 Kf7 42. Rc3 1/2-1/2

[Event "SV Dinslaken 1 - SG Bochum 1"]
[Site "Oberliga NRW 2018/2019"]
[Date "2019.05.12"]
[Round "9.8"]
[White "Bergmans, Dirk"]
[Black "Koellner, Aaron Noah"]
[Result "0-1"]
[WhiteElo "2031"]
[BlackElo "2066"]
[Annotator "Daniel"]
[PlyCount "140"]
[EventDate "2019.??.??"]
[WhiteTeam "SV Dinslaken 1"]
[BlackTeam "SG Bochum 1"]

1. d4 d5 2. Bf4 Nf6 3. e3 Bf5 4. c4 c6 5. Nc3 e6 6. Qb3 Qc8 7. Rc1 a6 8. Nf3
Nbd7 9. cxd5 exd5 10. Be2 Be7 11. h3 h6 12. O-O Be4 13. Nd2 g5 14. Be5 Nxe5 15.
dxe5 Nd7 16. Ndxe4 dxe4 17. e6 Nc5 18. exf7+ Kf8 19. Qc2 Qe6 20. a3 h5 21. g4
Qe5 22. Rcd1 Bd8 23. Kg2 $11 Bc7 24. Rh1 hxg4 25. Bxg4 Nd3 26. Ne2 c5 27. Qc3
Kxf7 28. Qxe5 Bxe5 29. Nc3 Bxc3 30. bxc3 Kg6 31. f3 c4 32. fxe4 Rhf8 33. Rhf1
b5 34. Be2 Rxf1 35. Bxf1 Nc5 36. Rd6+ Kf7 37. Kf3 Ke7 38. Rd5 Rf8+ 39. Ke2 Na4
40. Re5+ Kd6 41. Rxg5 Nxc3+ 42. Ke1 Nxe4 43. Rg6+ Kc5 44. Rxa6 Rf3 45. Ra8
Rxe3+ 46. Kd1 Nd6 47. h4 Rf3 48. Be2 Rh3 49. h5 Kd4 50. Rd8 Kc3 51. Rxd6 Rh1+
52. Bf1 Rxf1+ 53. Ke2 Rf5 54. h6 Rh5 55. Rb6 Kb3 56. h7 Rxh7 57. Rxb5+ Kc2 58.
a4 Re7+ 59. Kf2 c3 60. a5 Kd2 61. Rd5+ Kc1 62. a6 c2 63. Ra5 Kb2 64. Rb5+ Ka3
65. Rc5 Kb3 66. Rc6 Re6 67. a7 Rxc6 68. a8=Q c1=Q 69. Qb7+ Ka2 70. Qa8+ Kb1 0-1

[Event "Bahn-SC Wuppertal 1 - Klub Kölner SF 1"]
[Site "Oberliga NRW 2018/2019"]
[Date "2019.05.12"]
[Round "9.1"]
[White "Strohhaeker, Raoul"]
[Black "Savchenko, Vyacheslav"]
[Result "1-0"]
[WhiteElo "2416"]
[BlackElo "2359"]
[PlyCount "75"]
[EventDate "2019.??.??"]
[WhiteTeam "Klub Kölner SF 1"]
[BlackTeam "Bahn-SC Wuppertal 1"]

1. e4 c5 2. Nf3 e6 3. d4 cxd4 4. Nxd4 Nf6 5. Nc3 d6 6. Be2 Be7 7. O-O O-O 8.
Be3 Nc6 9. f4 Bd7 10. Qe1 Qb8 11. Rd1 a6 12. Qg3 b5 13. e5 Ne8 14. Bf3 Qc8 15.
Kh1 Rb8 16. exd6 Nxd6 17. Ne4 Nxe4 18. Bxe4 Bf6 19. Nb3 Rd8 20. Qf3 Be8 21.
Rxd8 Bxd8 22. f5 e5 23. c3 Bf6 24. Rd1 Qc7 25. Nc5 Rb6 26. Nd7 Bxd7 27. Bxb6
Qxb6 28. Rxd7 Nd8 29. Qd3 h6 30. g3 Kh7 31. Kg2 b4 32. c4 a5 33. c5 Qxc5 34.
Rxd8 Bxd8 35. Qxd8 Qc4 36. Qd3 Qxa2 37. f6+ g6 38. Bxg6+ 1-0

[Event "Bahn-SC Wuppertal 1 - Klub Kölner SF 1"]
[Site "Oberliga NRW 2018/2019"]
[Date "2019.05.12"]
[Round "9.2"]
[White "Biriukov, Nikolai"]
[Black "Morawietz, Dieter"]
[Result "1-0"]
[WhiteElo "2335"]
[BlackElo "2370"]
[PlyCount "103"]
[EventDate "2019.??.??"]
[WhiteTeam "Bahn-SC Wuppertal 1"]
[BlackTeam "Klub Kölner SF 1"]

1. c4 e5 2. g3 Nf6 3. Bg2 c6 4. Nf3 e4 5. Nd4 Qb6 6. Nc2 d5 7. d3 exd3 8. exd3
Bg4 9. Qd2 Be7 10. O-O O-O 11. Re1 Re8 12. cxd5 Nxd5 13. Nc3 Nxc3 14. bxc3 Nd7
15. Qf4 Bh5 16. Be3 Qb2 17. Nd4 Qxc3 18. Bd2 Qa3 19. Nf5 Bf8 20. Reb1 Nc5 21.
Bb4 Qxd3 22. Bxc5 Bxc5 23. Rxb7 Qc3 24. Rf1 Qe5 25. Bxc6 Qxf4 26. gxf4 Re6 27.
Bd5 Rf6 28. Ng3 Bg6 29. Rb5 Rc8 30. Rc1 h5 31. Rbxc5 Rxc5 32. Rxc5 Rxf4 33. Rc4
Rf6 34. h4 Rd6 35. Rc5 Kf8 36. Ra5 a6 37. Kg2 Bd3 38. Be4 Bc4 39. Nxh5 Rd4 40.
Ng3 Bb5 41. h5 Ke8 42. Nf5 Rd1 43. Nxg7+ Ke7 44. Nf5+ Kf6 45. Ng3 Kg5 46. Bc6
f5 47. Bxb5 Rd5 48. a4 axb5 49. Rxb5 Rd4 50. Rxf5+ Kg4 51. h6 Rxa4 52. f3+ 1-0

[Event "Bahn-SC Wuppertal 1 - Klub Kölner SF 1"]
[Site "Oberliga NRW 2018/2019"]
[Date "2019.05.12"]
[Round "9.3"]
[White "Wacker, Peter"]
[Black "Savchenko, Aleksij"]
[Result "0-1"]
[WhiteElo "2293"]
[BlackElo "2289"]
[PlyCount "50"]
[EventDate "2019.??.??"]
[WhiteTeam "Klub Kölner SF 1"]
[BlackTeam "Bahn-SC Wuppertal 1"]

1. d4 Nf6 2. Bg5 e6 3. e4 h6 4. Bxf6 Qxf6 5. Nc3 d6 6. Qd2 c6 7. f4 g5 8. g3
gxf4 9. gxf4 e5 10. dxe5 dxe5 11. O-O-O Qxf4 12. Qxf4 exf4 13. Bh3 Be6 14. Nce2
Bc5 15. Rf1 Bc4 16. Rf3 Rg8 17. Bf1 Nd7 18. Kb1 Ne5 19. Rxf4 Rd8 20. b3 Rd1+
21. Kb2 Be3 22. Rf5 Be6 23. Nc3 Bc1+ 24. Kb1 Re1 25. Nf3 Nxf3 0-1

[Event "Bahn-SC Wuppertal 1 - Klub Kölner SF 1"]
[Site "Oberliga NRW 2018/2019"]
[Date "2019.05.12"]
[Round "9.4"]
[White "Bashilin, Roman"]
[Black "Bonnmann, Reinhard"]
[Result "1/2-1/2"]
[WhiteElo "2218"]
[BlackElo "2192"]
[PlyCount "74"]
[EventDate "2019.??.??"]
[WhiteTeam "Bahn-SC Wuppertal 1"]
[BlackTeam "Klub Kölner SF 1"]

1. d4 Nf6 2. Nf3 g6 3. Bf4 Bg7 4. e3 O-O 5. Be2 c5 6. c3 d6 7. O-O Nh5 8. Bg5
h6 9. Bh4 cxd4 10. Nxd4 Nf6 11. Bf3 Qc7 12. Na3 Nc6 13. Bg3 Bd7 14. Rc1 a6 15.
c4 Ne5 16. c5 dxc5 17. b4 Nxf3+ 18. Qxf3 Qb6 19. bxc5 Qa5 20. Nc4 Qxc5 21. Ne5
Qa3 22. Nxd7 Nxd7 23. Qxb7 Ne5 24. Qe4 Nd3 25. Rc7 e5 26. Ne6 Rac8 27. Rxc8
Rxc8 28. Nxg7 Rc1 29. Bxe5 Rxf1+ 30. Kxf1 Qc1+ 31. Ke2 Qc2+ 32. Kf3 Ne1+ 33.
Kf4 g5+ 34. Kf5 Qc8+ 35. Kf6 Qd8+ 36. Kf5 Qd7+ 37. Kf6 Qd8+ 1/2-1/2

[Event "Bahn-SC Wuppertal 1 - Klub Kölner SF 1"]
[Site "Oberliga NRW 2018/2019"]
[Date "2019.05.12"]
[Round "9.5"]
[White "Ludwig, Peter"]
[Black "Ries, Benjamin"]
[Result "1-0"]
[WhiteElo "2166"]
[BlackElo "2280"]
[PlyCount "47"]
[EventDate "2019.??.??"]
[WhiteTeam "Klub Kölner SF 1"]
[BlackTeam "Bahn-SC Wuppertal 1"]

1. Nf3 d5 2. g3 c6 3. Bg2 Bg4 4. d3 Nd7 5. h3 Bxf3 6. Bxf3 Ngf6 7. O-O e6 8. e4
Be7 9. Qe2 Qc7 10. exd5 Nxd5 11. c4 N5f6 12. d4 O-O 13. Nc3 Rfe8 14. Re1 Rad8
15. Bf4 Bd6 16. Be5 Re7 17. Rad1 Ne8 18. Bxd6 Nxd6 19. d5 cxd5 20. Nxd5 exd5
21. Qxe7 Re8 22. Qxe8+ Nxe8 23. Rxe8+ Nf8 24. Rxd5 1-0

[Event "Bahn-SC Wuppertal 1 - Klub Kölner SF 1"]
[Site "Oberliga NRW 2018/2019"]
[Date "2019.05.12"]
[Round "9.6"]
[White "Khanukov, Boris"]
[Black "Wisskirchen, Andreas"]
[Result "1/2-1/2"]
[WhiteElo "2195"]
[BlackElo "2202"]
[PlyCount "84"]
[EventDate "2019.??.??"]
[WhiteTeam "Bahn-SC Wuppertal 1"]
[BlackTeam "Klub Kölner SF 1"]

1. d4 Nf6 2. Nf3 g6 3. c4 Bg7 4. Nc3 O-O 5. e4 d6 6. Be2 e5 7. O-O Nbd7 8. Be3
c6 9. d5 Qe7 10. Nd2 c5 11. a3 a5 12. Rb1 Ne8 13. Nb5 f5 14. f3 Bf6 15. exf5
gxf5 16. f4 Kh8 17. Nf3 Rg8 18. g3 exf4 19. Bxf4 Ne5 20. Qd2 Bd7 21. Nc3 Ng6
22. Kh1 Nxf4 23. gxf4 Ng7 24. Rbe1 h6 25. Bd3 Qf7 26. Ne2 Nh5 27. Rg1 a4 28.
Qc2 Rxg1+ 29. Rxg1 Re8 30. Rg2 Re3 31. Nd2 Bg7 32. Nf1 Re8 33. Nfg3 Nxg3+ 34.
Nxg3 Re1+ 35. Rg1 Rxg1+ 36. Kxg1 Qf6 37. Bxf5 Qd4+ 38. Kg2 Bxf5 39. Qxf5 Qxb2+
40. Kh3 Qxa3 41. Qc8+ Kh7 42. Qf5+ Kh8 1/2-1/2

[Event "Bahn-SC Wuppertal 1 - Klub Kölner SF 1"]
[Site "Oberliga NRW 2018/2019"]
[Date "2019.05.12"]
[Round "9.7"]
[White "Schmidt, Martin"]
[Black "Savchenko, Daniel"]
[Result "1/2-1/2"]
[WhiteElo "2205"]
[BlackElo "2099"]
[PlyCount "72"]
[EventDate "2019.??.??"]
[WhiteTeam "Klub Kölner SF 1"]
[BlackTeam "Bahn-SC Wuppertal 1"]

1. d4 d5 2. Nc3 Nf6 3. Bf4 a6 4. e3 Nbd7 5. Nf3 e6 6. h3 b5 7. a3 c5 8. dxc5
Bxc5 9. Bd3 Bb7 10. O-O O-O 11. Qe2 Rc8 12. Ne5 d4 13. exd4 Bxd4 14. Rad1 Bxc3
15. Nxd7 Nxd7 16. bxc3 Bd5 17. a4 Nc5 18. axb5 Nxd3 19. cxd3 Rxc3 20. bxa6 Ra3
21. Ra1 Qa5 22. Qb2 Ra4 23. Rxa4 Qxa4 24. Bd6 Ra8 25. a7 Qxa7 26. Be5 f6 27.
Ra1 Qxa1+ 28. Qxa1 Rxa1+ 29. Bxa1 Kf7 30. f4 h5 31. g3 Kg6 32. h4 Kf5 33. Kf2
e5 34. fxe5 fxe5 35. Bc3 g6 36. d4 exd4 1/2-1/2

[Event "Bahn-SC Wuppertal 1 - Klub Kölner SF 1"]
[Site "Oberliga NRW 2018/2019"]
[Date "2019.05.12"]
[Round "9.8"]
[White "Tueckmantel, Rene"]
[Black "Pragua, Christoph"]
[Result "1/2-1/2"]
[WhiteElo "2118"]
[BlackElo "2029"]
[PlyCount "71"]
[EventDate "2019.??.??"]
[WhiteTeam "Bahn-SC Wuppertal 1"]
[BlackTeam "Klub Kölner SF 1"]

1. c4 Nf6 2. g3 g6 3. Nc3 Bg7 4. Bg2 O-O 5. Nf3 d6 6. d4 Nbd7 7. O-O e5 8. e4
c6 9. h3 exd4 10. Nxd4 Re8 11. Re1 a5 12. b3 Nc5 13. Bb2 Nfd7 14. f4 Qb6 15.
Kh2 a4 16. Rb1 axb3 17. Nxb3 Qb4 18. Nxc5 Qxc5 19. e5 dxe5 20. Ne4 Qe7 21. Nd6
Rd8 22. fxe5 Nc5 23. Bd4 Ne6 24. Bb6 Rf8 25. Qe2 h5 26. h4 Nc7 27. Bf3 Ra3 28.
Rb3 Rxb3 29. axb3 Ne6 30. Bg2 Bd7 31. Bh3 Ra8 32. Rf1 Be8 33. Rd1 Bd7 34. Rf1
Be8 35. Rd1 Bd7 36. Rf1 1/2-1/2

[Event "SF Gerresheim 1 - SC Siegburg 1"]
[Site "Oberliga NRW 2018/2019"]
[Date "2019.05.12"]
[Round "9.1"]
[White "Schmidt, Bodo"]
[Black "Volkov, Mykyta"]
[Result "1-0"]
[WhiteElo "2251"]
[BlackElo "2092"]
[PlyCount "39"]
[EventDate "2019.??.??"]
[WhiteTeam "SC Siegburg 1"]
[BlackTeam "SF Gerresheim 1"]

1. d4 Nf6 2. Nf3 d5 3. c4 e6 4. e3 Be7 5. Bd3 O-O 6. O-O c5 7. b3 b6 8. Bb2 Bb7
9. Nc3 Nc6 10. Rc1 Rc8 11. cxd5 Nxd5 12. dxc5 Nxc3 13. Rxc3 Bxc5 14. Bxh7+ Kxh7
15. Rd3 Ba6 16. Rxd8 Rfxd8 17. Ng5+ Kg6 18. Qg4 f5 19. Qg3 Bd6 20. f4 1-0

[Event "SF Gerresheim 1 - SC Siegburg 1"]
[Site "Oberliga NRW 2018/2019"]
[Date "2019.05.12"]
[Round "9.2"]
[White "Liedmann, Dennis"]
[Black "Andreev, Eduard"]
[Result "0-1"]
[WhiteElo "2189"]
[BlackElo "2388"]
[PlyCount "82"]
[EventDate "2019.??.??"]
[WhiteTeam "SF Gerresheim 1"]
[BlackTeam "SC Siegburg 1"]

1. d4 Nf6 2. Nf3 e6 3. e3 c5 4. Bd3 d5 5. c3 Nc6 6. Nbd2 Bd6 7. O-O O-O 8. Re1
e5 9. dxc5 Bxc5 10. b4 Bd6 11. e4 a6 12. Bb2 Bg4 13. exd5 Nxd5 14. Be4 Nf6 15.
Bxc6 bxc6 16. Nc4 e4 17. h3 Be6 18. Qxd6 exf3 19. Rxe6 fxe6 20. Qxe6+ Kh8 21.
Nd6 Ra7 22. Rd1 Qe7 23. Qxe7 Rxe7 24. c4 fxg2 25. Bd4 Rd7 26. Bxf6 Rxf6 27. Re1
Rd8 28. c5 Rdf8 29. Ne4 Re6 30. Kxg2 Rb8 31. a3 a5 32. f3 axb4 33. Rb1 b3 34.
Rb2 Re7 35. Nd6 Ra7 36. Nc4 h6 37. Kg3 Ra4 38. Ne5 Rb5 39. Nxc6 Rxc5 40. Nd8
Rxa3 41. Re2 Rg5+ 0-1

[Event "SF Gerresheim 1 - SC Siegburg 1"]
[Site "Oberliga NRW 2018/2019"]
[Date "2019.05.12"]
[Round "9.3"]
[White "Grinev, Valeriy"]
[Black "Van Lanen, Toon"]
[Result "1-0"]
[WhiteElo "2422"]
[BlackElo "2141"]
[PlyCount "29"]
[EventDate "2019.??.??"]
[WhiteTeam "SC Siegburg 1"]
[BlackTeam "SF Gerresheim 1"]

1. d4 c5 2. d5 e5 3. e4 d6 4. Nc3 a6 5. f4 Qh4+ 6. g3 Qd8 7. fxe5 dxe5 8. Bh3
Bd6 9. Bxc8 Qxc8 10. Nf3 f6 11. Nh4 Ne7 12. Qh5+ g6 13. Qh6 Kd7 14. O-O Qf8 15.
Bg5 1-0

[Event "SF Gerresheim 1 - SC Siegburg 1"]
[Site "Oberliga NRW 2018/2019"]
[Date "2019.05.12"]
[Round "9.5"]
[White "Kolkin, Michail"]
[Black "Sapkowski, Wieslaw"]
[Result "1-0"]
[WhiteElo "2354"]
[BlackElo "2004"]
[PlyCount "223"]
[EventDate "2019.??.??"]
[WhiteTeam "SC Siegburg 1"]
[BlackTeam "SF Gerresheim 1"]

1. d4 d5 2. Nf3 Nf6 3. g3 g6 4. Bg2 Bg7 5. c4 c6 6. b3 Ne4 7. Bb2 O-O 8. O-O
Nd7 9. cxd5 cxd5 10. a4 b6 11. Na3 Bb7 12. Rc1 Rc8 13. Nb5 a6 14. Nc3 Ndf6 15.
Qd3 Qd6 16. Bh3 e6 17. Nb1 Rxc1 18. Rxc1 Rc8 19. Rxc8+ Bxc8 20. Qc2 Bb7 21. Ne5
Ne8 22. f3 N4f6 23. e3 Qc7 24. Qxc7 Nxc7 25. Bf1 Bf8 26. g4 Bd6 27. g5 Bxe5 28.
dxe5 Nd7 29. Bd4 Kf8 30. Nc3 Ke7 31. b4 Kd8 32. Kf2 Ne8 33. Bd3 Kc7 34. e4 dxe4
35. Nxe4 Nb8 36. a5 bxa5 37. bxa5 Nd7 38. Ke3 Bxe4 39. Kxe4 Kb7 40. Bf2 Nc7 41.
f4 Kc6 42. Bc4 Nc5+ 43. Kf3 Nb5 44. h4 Nc7 45. h5 Nb5 46. h6 Nc7 47. Be3 Nd7
48. Bd4 Nb5 49. Be3 Nc7 50. Bf2 Nb5 51. Kg2 Nc7 52. Kf3 Nb5 53. Ke2 Nc7 54. Kf1
Nb5 55. f5 Nxe5 56. fxe6 Nd6 57. exf7 Nexf7 58. Bxa6 Nxg5 59. Bd3 Ngf7 60. a6
Nxh6 61. Be2 Nc8 62. a7 Nxa7 63. Bxa7 Nf5 64. Bc4 Kd6 65. Kf2 Ke5 66. Kf3 h5
67. Bb8+ Kf6 68. Bc7 g5 69. Bd8+ Ke5 70. Bxg5 Nd4+ 71. Kf2 Kf5 72. Be7 Kg4 73.
Bc5 Nf5 74. Bb4 h4 75. Bd2 Nd4 76. Be3 Nc6 77. Be6+ Kh5 78. Bf4 Nd4 79. Bd7 Kg6
80. Ke3 Nc2+ 81. Ke4 Kf6 82. Bh3 Ne1 83. Bd2 Nc2 84. Ba5 Kg5 85. Bd8+ Kh5 86.
Be7 Kg6 87. Bc5 Kg5 88. Kd3 Ne1+ 89. Ke2 Nc2 90. Kd2 Na1 91. Kc3 Kf4 92. Bf2
Kf3 93. Bxh4 Ke4 94. Kb2 Kd3 95. Kxa1 Kc3 96. Bf6+ Kb3 97. Be6+ Kc2 98. Ka2 Kd3
99. Kb3 Ke4 100. Kc4 Ke3 101. Bd5 Kf4 102. Kd4 Kf5 103. Be5 Kg4 104. Ke4 Kg5
105. Bf7 Kg4 106. Bf4 Kh4 107. Kf3 Kh3 108. Bg5 Kh2 109. Kf2 Kh1 110. Be6 Kh2
111. Bf4+ Kh1 112. Bd5# 1-0